Kompetencie podnikového manažéra

Vývoj názorov na kompetencie podnikového manažéra. Základné manažérske kompetencie: odborné vedomosti, sociálna a osobnostná zrelosť, praktické zručnosti. Situačný prístup k manažérskym kompetenciám. SWOT analýza.

Salvato in:
Dettagli Bibliografici
Autore principale: Viskupičová, Jana
Natura: Capitolo di libro
Lingua:slovacco
Soggetti:
Tags: Aggiungi Tag
Nessun Tag, puoi essere il primo ad aggiungerne!!

MARC

LEADER 00000nla a2200000 4500
001 0181373
005 20240502073119.2
041 0 |a slo 
044 |a SK 
245 1 0 |a Kompetencie podnikového manažéra  |c Jana Viskupičová 
520 |a Vývoj názorov na kompetencie podnikového manažéra. Základné manažérske kompetencie: odborné vedomosti, sociálna a osobnostná zrelosť, praktické zručnosti. Situačný prístup k manažérskym kompetenciám. SWOT analýza. 
610 2 0 |a manažéri 
610 2 0 |a kompetencie manažérske 
610 2 0 |a schopnosti pracovné 
610 2 0 |a zručnosti 
610 2 0 |a vedomosti 
610 2 0 |a analýza swot 
100 1 |a Viskupičová, Jana